Click the James Bond Song Title Ending - Statistics

General Stats
  • This quiz has been taken 111 times
  • The average score is 15 of 15
Answer Stats
Hint Answer % Correct
Die Another Day
100%
Tomorrow Never Dies
100%
A View to a / License to Kill
100%
Writing's on the Wall
100%
Live and Let / Another Way to / No Time to Die
99%
The Man with the Golden Gun
99%
You Know My Name
99%
For Your Eyes Only
99%
You Only Live Twice
99%
Diamonds Are Forever
98%
On Her Majesty's Secret Service
98%
The World Is Not Enough
96%
All Time High
96%
Nobody Does It Better
95%
The Living Daylights
90%
No matching quizzes found
Score Distribution
Percent of People with Each Score
Percentile by Number Answered
Your Score History
You have not taken this quiz